Responses for show #528 - Wednesday, December 17, 1986

Frank Hughes game 1.

Contestants

Judy Kilbane Koch, an attorney originally from Cleveland, Ohio

Frank Hughes, an account executive from Torrance, California

Phyllis McDonald, a homemaker from Kentfield, California (whose 2-day cash winnings total $7,299)

Jeopardy! Round responses

STARTS WITH "I"
SPORTS TRIVIA
IN THE NEWS
FICTIONAL CHARACTERS
POTENT POTABLES
SUDDEN DEATH
    $100 21
the Ivy League

Judy
    $100 26
Kansas City

Triple Stumper
    $100 6
Chernobyl (the nuclear disaster)

Phyllis
    $100 1
Grapes of Wrath

Frank
    $100 7
carbonated soda (or soda water or carbonated water)

Judy
    $100 14
Naples

Frank
    $200 22
icing

Frank
    $200 27
The Wide World of Sports

Phyllis
    $200 12
Ronald Reagan

Frank
    $200 2
Sinbad

Frank
    $200 8
vodka & orange juice

Phyllis
    $200 15
(Judy: Who is Bobby Ewing?)
(Alex: Bobby Ewing, or... Be more specific.)
[Judy stares blankly.]
(Alex: Why would we ask for more specific?)
(Judge: The actor.)
(Alex: Ah. All right. That's why. ...Judy?)
(Judy: ...[*].)
(Alex: You got it. Okay. That's it. I would've felt terrible having to go against you on that one.)
[Applause]
(Judy: All right.)

Patrick Duffy

Judy
    $300 23
inspector

Frank
    $300 28
[The end-of-round signal sounds.]

K

Triple Stumper
    $300 13
Princess Diana

Phyllis
    $300 3
Ivanhoe

Phyllis
    $300 9
an apéritif

Frank
    $300 16
Frankie & Johnny

Phyllis
    $500 24
an intersection

Frank
    $400 19
(Judy: What was drugs?)
(Alex: Be more specific.)
(Judy: Marijuana.)

cocaine

FrankJudy
    $400 4
(Alex: Gentlemen Prefer [*]s is the work, right.)

blonde

Frank
    $400 10
(Judy: What is a shot?)

a dash

Judy
Triple Stumper
    $400 17
[ERRATUM: Carnac does not have K’s in his name.]

sis, boom, baa

Triple Stumper
    $500 25
Ignatius

Phyllis
    $500 20
Berlin

Frank
    $500 5
Heidi

Frank
    $500 11
a mint julep

Frank
    $500 18
(Phyllis: Who is Bobby McGee?)

Billie Joe McAllister

PhyllisFrank

Scores at the first commercial break (after clue 13):

Phyllis Frank Judy
$900 $2,200 -$300

Scores at the end of the Jeopardy! Round:

Phyllis Frank Judy
$1,400 $4,700 -$400

Double Jeopardy! Round responses

LANGUAGES
CONSTELLATIONS
LABOR
CLASSICAL MUSIC
QUOTES
SPINELESS JELLYFISH
(Alex: That's a new one for us, although we have had clues on spineless jellyfish many, many times.)
    $200 1
dead languages

Phyllis
    $200 21
Pegasus

Frank
    $200 9
a scab

Frank
    $200 24
Blue Danube

Phyllis
    $200 14
(Alex: That song, "Me and Bobby McGee". [*] is just another word.)

freedom

Triple Stumper
    $200 2
the Cowardly Lion

Phyllis
    $400 5
sign language

Phyllis
    $400 22
the North Star (or Pole Star)

Frank
    $400 10
a foreign car

Judy
    $400 25
Benny Goodman

Judy
    $400 15
red badge of courage

Frank
    $400 3
Don Knotts

Triple Stumper
    $600 6
(Phyllis: What is Hebrew?)

Yiddish

Phyllis
Triple Stumper
    $600 23
the equator

Phyllis
    $600 11
the Taft-Hartley Act

Judy
    $600 26
(Phyllis: Who is Liszt?)

Frédéric Chopin

Phyllis
Triple Stumper
    $600 16
the most

Frank
    $300 4
(Phyllis: I have no idea.)
(Alex: Kenny Rogers is singing, of course, and it's one of his hit songs called [*].)

"Coward Of The County"

Phyllis
    $800 7
French

Judy
    $800 29
[The end-of-round signal sounds.]

Sirius (the Dog Star)

Frank
    $800 12
the United Mine Workers

Frank
    $800 27
the Surprise Symphony

Phyllis
    $800 17
the lily

Frank
    $800 19
Milquetoast

Judy
    $1000 8
Latin

Frank
    $1000 13
(Judy: What is the CIO?)

the AFL (the American Federation of Labor)

PhyllisJudy
    $1000 28
Schumann

Phyllis
    $500 18
(Frank: What is a woman?)

a cat on a hot tin roof

Frank
    $1000 20
(Alex: That is it for another $1,000. We've got a minute to go.)

Harry Flashman

Frank

Scores at the end of the Double Jeopardy! Round:

Phyllis Frank Judy
$4,300 $10,400 $1,600
(lock game)

[wagering suggestions for these scores]

Final Jeopardy! Round responses

KID STUFF
(Alex: [To Phyllis] Yes, we're referring to the children's game, not the successful TV show Tic-Tac-Dough, which was hosted for so many years by my friend Wink Martindale, who happens to be in the audience here today.)
JudyWhat is 4 6
$1,500
PhyllisWhat is 5?
$1,000
FrankWhat is 4
$400
5

Final scores:

Phyllis Frank Judy
$5,300 $10,000 $100
2nd place: Longines his & hers watches + a fun-size 9" Zenith color TV New champion: $10,000 3rd place: Aladdin Ember Brite portable fireplace

Game dynamics:

Coryat scores:

Phyllis Frank Judy
$4,600 $10,800 $1,600
15 R,
4 W
(including 1 DD)
24 R
(including 1 DD),
1 W
(including 1 DD)
8 R,
3 W

Combined Coryat: $17,000

The J! Archive is created by fans, for fans. The Jeopardy! game show and all elements thereof, including but not limited to copyright and trademark thereto, are the property of Jeopardy Productions, Inc. and are protected under law. This website is not affiliated with, sponsored by, or operated by Jeopardy Productions, Inc. Join the discussion at JBoard.tv.